<?xml version="1.0" encoding="UTF-8"?>
<record
    xmlns:xsi="http://www.w3.org/2001/XMLSchema-instance"
    xsi:schemaLocation="http://www.loc.gov/MARC21/slim http://www.loc.gov/standards/marcxml/schema/MARC21slim.xsd"
    xmlns="http://www.loc.gov/MARC21/slim">

  <leader>01972nam a2200277 i 4500</leader>
  <controlfield tag="001">000000132509</controlfield>
  <controlfield tag="003">IT-MiSPE</controlfield>
  <controlfield tag="005">20200830112420.0</controlfield>
  <controlfield tag="008">090714s2009    it       b   u000 u ita c</controlfield>
  <datafield tag="020" ind1=" " ind2=" ">
    <subfield code="a">9788831536240</subfield>
    <subfield code="c">30.00 EUR</subfield>
  </datafield>
  <datafield tag="040" ind1=" " ind2=" ">
    <subfield code="a">IT-MiSPE</subfield>
    <subfield code="b">ita</subfield>
    <subfield code="c">IT-MiSPE</subfield>
  </datafield>
  <datafield tag="082" ind1=" " ind2=" ">
    <subfield code="a">242.1-IGN* SCH pi (axa 23259)</subfield>
  </datafield>
  <datafield tag="100" ind1="1" ind2=" ">
    <subfield code="9">71255</subfield>
    <subfield code="a">Schiavone, Pietro</subfield>
  </datafield>
  <datafield tag="245" ind1="1" ind2="3">
    <subfield code="a">Il discernimento :</subfield>
    <subfield code="b">teoria e prassi /</subfield>
    <subfield code="c">Pietro Schiavone ; prefazione del card. Salvatore De Giorgi ; presentazione di Jos&#xE9; Adolfo Gonz&#xE1;lez.</subfield>
  </datafield>
  <datafield tag="260" ind1=" " ind2=" ">
    <subfield code="a">Milano :</subfield>
    <subfield code="b">Paoline,</subfield>
    <subfield code="c">2009.</subfield>
  </datafield>
  <datafield tag="300" ind1=" " ind2=" ">
    <subfield code="a">636 p. ;</subfield>
    <subfield code="c">21 cm</subfield>
  </datafield>
  <datafield tag="490" ind1=" " ind2=" ">
    <subfield code="a">Spiritualit&#xE0; del quotidiano</subfield>
  </datafield>
  <datafield tag="504" ind1=" " ind2=" ">
    <subfield code="a">Bibliogr. p. 607-613.</subfield>
  </datafield>
  <datafield tag="520" ind1=" " ind2=" ">
    <subfield code="a">Frutti di anni di ricerca e di insegnamento, di direzione spirituale e pratica pastorale, il testo costituisce senz'altro uno studio completo, ricco e profondo sul discernimento. L'autore offre utili chiarimenti sulle espressioni "discernimento degli spiriti" (o "delle mozioni degli spiriti") e "discernimento spirituale", si sofferma sul significato del termine "discrezione", con grande abilit&#xE0; e propriet&#xE0; di linguaggio, espone le finalit&#xE0;, l'importanza e l'attualit&#xE0; dell'argomento, sia per la vita spirituale personale che per l'opera di evangelizzazione.</subfield>
    <subfield code="b">Articolato in cinque parti, di cui le prime tre riguardano soprattutto la teoria e le altre due la pratica, il volume presenta molti riferimenti al Magistero, anche dei nostri giorni, ad alcuni teologi contemporanei che hanno trattato del discernimento orante e teologico, ai padri del monachesimo dei primi secoli della Chiesa, ai grandi dottori e ai mistici della storia della spiritualit&#xE0;. Posto particolare riserva a Ignazio di Loyola e ai suoi Esercizi Spirituali.</subfield>
  </datafield>
  <datafield tag="600" ind1=" " ind2=" ">
    <subfield code="a">Ignazio di Loyola</subfield>
    <subfield code="d">1491-1556</subfield>
    <subfield code="9">58381</subfield>
  </datafield>
  <datafield tag="630" ind1=" " ind2=" ">
    <subfield code="a">Spiritualit&#xE0; ignaziana</subfield>
    <subfield code="9">58382</subfield>
  </datafield>
  <datafield tag="700" ind1="1" ind2=" ">
    <subfield code="a">Gonz&#xE1;lez, Jos&#xE9; Adolfo.</subfield>
    <subfield code="9">33028</subfield>
  </datafield>
  <datafield tag="700" ind1="1" ind2=" ">
    <subfield code="9">21418</subfield>
    <subfield code="a">De Giorgi, Salvatore</subfield>
  </datafield>
  <datafield tag="942" ind1=" " ind2=" ">
    <subfield code="a">IT-MiSPE</subfield>
    <subfield code="c">BK</subfield>
    <subfield code="2">ddc</subfield>
  </datafield>
  <datafield tag="999" ind1=" " ind2=" ">
    <subfield code="c">358840</subfield>
    <subfield code="d">358840</subfield>
  </datafield>
  <datafield tag="952" ind1=" " ind2=" ">
    <subfield code="0">0</subfield>
    <subfield code="1">0</subfield>
    <subfield code="2">ddc</subfield>
    <subfield code="4">0</subfield>
    <subfield code="6">242_000000000000000_1IGN_SCH_PI_AXA_23259</subfield>
    <subfield code="7">1</subfield>
    <subfield code="a">CINISELLO</subfield>
    <subfield code="b">CINISELLO</subfield>
    <subfield code="d">2020-08-30</subfield>
    <subfield code="l">0</subfield>
    <subfield code="o">242.1-IGN* SCH pi (axa 23259)</subfield>
    <subfield code="p">9788831536240</subfield>
    <subfield code="r">2020-08-30 00:00:00</subfield>
    <subfield code="w">2020-08-30</subfield>
    <subfield code="y">BK</subfield>
  </datafield>
</record>
